<?xml version="1.0" encoding="UTF-8"?>
<collection xmlns="http://www.loc.gov/MARC21/slim">
 <record>
  <leader>01531nam a2200277 a 4500</leader>
  <controlfield tag="001">8313</controlfield>
  <controlfield tag="003">BD-DhAAL</controlfield>
  <controlfield tag="008">090730s1981    bg b     b   f001 0 eng d</controlfield>
  <datafield tag="040" ind1=" " ind2=" ">
   <subfield code="a">BD-DhAAL</subfield>
  </datafield>
  <datafield tag="082" ind1="0" ind2="0">
   <subfield code="a">338.95492</subfield>
   <subfield code="2">19</subfield>
  </datafield>
  <datafield tag="100" ind1="1" ind2=" ">
   <subfield code="a">Molla, M. K. U.,</subfield>
   <subfield code="d">1940-</subfield>
   <subfield code="9">39913</subfield>
  </datafield>
  <datafield tag="245" ind1="1" ind2="4">
   <subfield code="a">The new province of Eastern Bengal &amp; Assam,</subfield>
   <subfield code="n">1905-1911 /</subfield>
   <subfield code="c">M.K.U. Molla.</subfield>
  </datafield>
  <datafield tag="260" ind1=" " ind2=" ">
   <subfield code="a">Rajshahi, Bangladesh :</subfield>
   <subfield code="b">Institute of Bangladesh Studies, Rajshahi University ;</subfield>
   <subfield code="a">Dhaka :</subfield>
   <subfield code="b">Distributor, University Press,</subfield>
   <subfield code="c">1981.</subfield>
  </datafield>
  <datafield tag="300" ind1=" " ind2=" ">
   <subfield code="a">viii, 272 pages :</subfield>
   <subfield code="b">illustrations, maps ;</subfield>
   <subfield code="c">22 cm.</subfield>
  </datafield>
  <datafield tag="500" ind1=" " ind2=" ">
   <subfield code="a">Based on the author's thesis (Ph. D.--University of London, 1966)</subfield>
  </datafield>
  <datafield tag="504" ind1=" " ind2=" ">
   <subfield code="a">Includes bibliographical references (pages 257-270) and index.</subfield>
  </datafield>
  <datafield tag="541" ind1="1" ind2=" ">
   <subfield code="a">Complimentary copy from BIED</subfield>
   <subfield code="e">8313, 35809</subfield>
  </datafield>
  <datafield tag="651" ind1=" " ind2="0">
   <subfield code="a">Eastern Bengal and Assam (India)</subfield>
   <subfield code="x">Economic policy.</subfield>
   <subfield code="9">39914</subfield>
  </datafield>
  <datafield tag="651" ind1=" " ind2="0">
   <subfield code="a">Eastern Bengal and Assam (India)</subfield>
   <subfield code="x">Economic conditions.</subfield>
   <subfield code="9">39915</subfield>
  </datafield>
  <datafield tag="651" ind1=" " ind2="0">
   <subfield code="a">Eastern Bengal and Assam (India)</subfield>
   <subfield code="x">Social policy.</subfield>
   <subfield code="9">39916</subfield>
  </datafield>
  <datafield tag="651" ind1=" " ind2="0">
   <subfield code="a">Eastern Bengal and Assam (India)</subfield>
   <subfield code="x">Social conditions.</subfield>
   <subfield code="9">39917</subfield>
  </datafield>
  <datafield tag="852" ind1="4" ind2=" ">
   <subfield code="a">Ayesha Abed Library</subfield>
   <subfield code="j">General Stacks</subfield>
  </datafield>
  <datafield tag="942" ind1=" " ind2=" ">
   <subfield code="2">ddc</subfield>
   <subfield code="c">BK</subfield>
  </datafield>
  <datafield tag="999" ind1=" " ind2=" ">
   <subfield code="c">3764</subfield>
   <subfield code="d">3764</subfield>
  </datafield>
  <datafield tag="952" ind1=" " ind2=" ">
   <subfield code="0">0</subfield>
   <subfield code="1">0</subfield>
   <subfield code="2">ddc</subfield>
   <subfield code="4">0</subfield>
   <subfield code="6">338_954920000000000_MOL</subfield>
   <subfield code="7">0</subfield>
   <subfield code="9">3415</subfield>
   <subfield code="a">BRACUL</subfield>
   <subfield code="b">BRACUL</subfield>
   <subfield code="c">GEN</subfield>
   <subfield code="d">2009-09-03</subfield>
   <subfield code="g">130.00</subfield>
   <subfield code="l">0</subfield>
   <subfield code="o">338.95492 MOL</subfield>
   <subfield code="p">3010008313</subfield>
   <subfield code="r">2009-09-03</subfield>
   <subfield code="t">1</subfield>
   <subfield code="w">2009-09-03</subfield>
   <subfield code="y">BK</subfield>
  </datafield>
  <datafield tag="952" ind1=" " ind2=" ">
   <subfield code="0">0</subfield>
   <subfield code="1">0</subfield>
   <subfield code="2">ddc</subfield>
   <subfield code="4">0</subfield>
   <subfield code="6">338_954920000000000_MOL</subfield>
   <subfield code="7">0</subfield>
   <subfield code="9">68203</subfield>
   <subfield code="a">BRACUL</subfield>
   <subfield code="b">BRACUL</subfield>
   <subfield code="c">GEN</subfield>
   <subfield code="d">2020-03-16</subfield>
   <subfield code="e">Complimentary copy from BIED</subfield>
   <subfield code="l">0</subfield>
   <subfield code="o">338.95492 MOL</subfield>
   <subfield code="p">3010035809</subfield>
   <subfield code="r">2020-03-16</subfield>
   <subfield code="t">2</subfield>
   <subfield code="w">2020-03-16</subfield>
   <subfield code="y">BK</subfield>
   <subfield code="x">Transferred from BIED to General Stacks</subfield>
  </datafield>
 </record>
</collection>
